00824nam a2200253Ia 4500003000900000008004100009020003000050020003100080022002200111022002300133040001600156100002400172245004400196260005700240300002000297490002900317650002700346650004800373650002600421650002400447650001200471700002500483856006200508IN-BaIIA211028s9999 xx s 000 0 eng d a978-3-540-40236-7 (Print) a978-3-540-44878-5 (Online) a0075-8450 (Print) a1616-6361 (Online) cIIA Library aFalcke, Martin, ed. 0aUnderstanding Calcium Dynamicsh[eBook] aHeidelberg, BerlinbSpringer Berlin Heidelbergc2003 aOnline resource aLecture Notes in Physics a Biochemistry, general a Biological and Medical Physics, Biophysics a Medical Biochemistry a Physical Chemistry aPhysics aMalchow, Dieter, ed. uhttp://doi.org/10.1007/b11586yClick Here to Access eBook